00565 2200193 4500001002100000005001500021035002000036245011400056100002500170250001100195300002700206260004400233082001200277084001800289020002200307650002000329990001100349990001100360INLIS00000000000180120241223075423 a0010-12240000541 aTuhan, Bolehkah Sekali Ini Saja Aku Menangis, Aku Lelah Berpura-pura Baik dan Bahagia /cElliya Nuril Karimah0 aElliya Nuril Karimah acet. 1 aviii, 144 hlm ;c20 cm aSemarang :bSyalmahat Publishing,c2023 a297.261 a297.261 ELL t a978-623-526-923-8 4aPsikologi Islam a003716 a003715